<?xml version="1.0" encoding="UTF-8"?>
<record
    xmlns:xsi="http://www.w3.org/2001/XMLSchema-instance"
    xsi:schemaLocation="http://www.loc.gov/MARC21/slim http://www.loc.gov/standards/marcxml/schema/MARC21slim.xsd"
    xmlns="http://www.loc.gov/MARC21/slim">

  <leader>00339nam a2200145Ia 4500</leader>
  <controlfield tag="008">191201s2005    xx            000 0 und d</controlfield>
  <datafield tag="082" ind1=" " ind2=" ">
    <subfield code="a">005.1</subfield>
    <subfield code="b">MAF</subfield>
  </datafield>
  <datafield tag="100" ind1=" " ind2=" ">
    <subfield code="a">MALL, Rajib</subfield>
  </datafield>
  <datafield tag="245" ind1=" " ind2="0">
    <subfield code="a">Fundamentals of Software Engineering</subfield>
  </datafield>
  <datafield tag="250" ind1=" " ind2=" ">
    <subfield code="a">2nd</subfield>
  </datafield>
  <datafield tag="260" ind1=" " ind2=" ">
    <subfield code="a">N.Delhi</subfield>
    <subfield code="b">PHI</subfield>
    <subfield code="c">2005</subfield>
  </datafield>
  <datafield tag="300" ind1=" " ind2=" ">
    <subfield code="a">336</subfield>
  </datafield>
  <datafield tag="650" ind1=" " ind2=" ">
    <subfield code="a">B.Tech(CSE)</subfield>
  </datafield>
  <datafield tag="942" ind1=" " ind2=" ">
    <subfield code="2">ddc</subfield>
    <subfield code="c">BK</subfield>
  </datafield>
  <datafield tag="999" ind1=" " ind2=" ">
    <subfield code="c">943</subfield>
    <subfield code="d">943</subfield>
  </datafield>
  <datafield tag="952" ind1=" " ind2=" ">
    <subfield code="0">0</subfield>
    <subfield code="1">0</subfield>
    <subfield code="2">ddc</subfield>
    <subfield code="4">0</subfield>
    <subfield code="7">0</subfield>
    <subfield code="8">BTECHCSE</subfield>
    <subfield code="a">PIET</subfield>
    <subfield code="b">PIET</subfield>
    <subfield code="d">2005-08-09</subfield>
    <subfield code="e">UDH, Delhi</subfield>
    <subfield code="g">195.00</subfield>
    <subfield code="k">CM 4732</subfield>
    <subfield code="l">1</subfield>
    <subfield code="o">005.1 MAF</subfield>
    <subfield code="p">786</subfield>
    <subfield code="r">2020-02-27 00:00:00</subfield>
    <subfield code="s">2020-02-19</subfield>
    <subfield code="w">2005-08-22</subfield>
    <subfield code="y">BK</subfield>
  </datafield>
  <datafield tag="952" ind1=" " ind2=" ">
    <subfield code="0">0</subfield>
    <subfield code="1">0</subfield>
    <subfield code="2">ddc</subfield>
    <subfield code="4">0</subfield>
    <subfield code="7">0</subfield>
    <subfield code="8">BTECHCSE</subfield>
    <subfield code="a">PIET</subfield>
    <subfield code="b">PIET</subfield>
    <subfield code="d">2005-08-09</subfield>
    <subfield code="e">UDH, Delhi</subfield>
    <subfield code="g">195.00</subfield>
    <subfield code="k">CM 4732</subfield>
    <subfield code="l">2</subfield>
    <subfield code="o">005.1 MAF</subfield>
    <subfield code="p">787</subfield>
    <subfield code="r">2022-03-08 00:00:00</subfield>
    <subfield code="s">2021-12-29</subfield>
    <subfield code="w">2005-08-22</subfield>
    <subfield code="y">BK</subfield>
  </datafield>
  <datafield tag="952" ind1=" " ind2=" ">
    <subfield code="0">0</subfield>
    <subfield code="1">0</subfield>
    <subfield code="2">ddc</subfield>
    <subfield code="4">0</subfield>
    <subfield code="7">0</subfield>
    <subfield code="8">BTECHCSE</subfield>
    <subfield code="a">PIET</subfield>
    <subfield code="b">PIET</subfield>
    <subfield code="d">2005-08-09</subfield>
    <subfield code="e">UDH, Delhi</subfield>
    <subfield code="g">195.00</subfield>
    <subfield code="k">CM 4732</subfield>
    <subfield code="l">1</subfield>
    <subfield code="o">005.1 MAF</subfield>
    <subfield code="p">788</subfield>
    <subfield code="r">2020-03-02 00:00:00</subfield>
    <subfield code="s">2020-02-24</subfield>
    <subfield code="w">2005-08-22</subfield>
    <subfield code="y">BK</subfield>
  </datafield>
  <datafield tag="952" ind1=" " ind2=" ">
    <subfield code="0">0</subfield>
    <subfield code="1">0</subfield>
    <subfield code="2">ddc</subfield>
    <subfield code="4">0</subfield>
    <subfield code="7">0</subfield>
    <subfield code="8">BTECHCSE</subfield>
    <subfield code="a">PIET</subfield>
    <subfield code="b">PIET</subfield>
    <subfield code="d">2005-08-09</subfield>
    <subfield code="e">UDH, Delhi</subfield>
    <subfield code="g">195.00</subfield>
    <subfield code="k">CM 4732</subfield>
    <subfield code="l">2</subfield>
    <subfield code="o">005.1 MAF</subfield>
    <subfield code="p">789</subfield>
    <subfield code="r">2020-03-02 00:00:00</subfield>
    <subfield code="s">2020-02-24</subfield>
    <subfield code="w">2005-08-22</subfield>
    <subfield code="y">BK</subfield>
  </datafield>
  <datafield tag="952" ind1=" " ind2=" ">
    <subfield code="0">0</subfield>
    <subfield code="1">0</subfield>
    <subfield code="2">ddc</subfield>
    <subfield code="4">0</subfield>
    <subfield code="7">0</subfield>
    <subfield code="8">BTECHCSE</subfield>
    <subfield code="a">PIET</subfield>
    <subfield code="b">PIET</subfield>
    <subfield code="d">2005-08-09</subfield>
    <subfield code="e">UDH, Delhi</subfield>
    <subfield code="g">195.00</subfield>
    <subfield code="k">CM 4732</subfield>
    <subfield code="l">2</subfield>
    <subfield code="o">005.1 MAF</subfield>
    <subfield code="p">790</subfield>
    <subfield code="r">2021-12-14 00:00:00</subfield>
    <subfield code="s">2021-11-30</subfield>
    <subfield code="w">2005-08-22</subfield>
    <subfield code="y">BK</subfield>
  </datafield>
  <datafield tag="952" ind1=" " ind2=" ">
    <subfield code="0">0</subfield>
    <subfield code="1">0</subfield>
    <subfield code="2">ddc</subfield>
    <subfield code="4">0</subfield>
    <subfield code="7">0</subfield>
    <subfield code="8">BTECHECE</subfield>
    <subfield code="a">PIET</subfield>
    <subfield code="b">PIET</subfield>
    <subfield code="d">2006-08-30</subfield>
    <subfield code="e">M/s UDH, Delhi</subfield>
    <subfield code="g">195.00</subfield>
    <subfield code="k">10392</subfield>
    <subfield code="l">1</subfield>
    <subfield code="o">005.1 MAF</subfield>
    <subfield code="p">5085</subfield>
    <subfield code="r">2020-02-28 00:00:00</subfield>
    <subfield code="s">2020-02-19</subfield>
    <subfield code="w">2006-01-16</subfield>
    <subfield code="y">BK</subfield>
  </datafield>
  <datafield tag="952" ind1=" " ind2=" ">
    <subfield code="0">0</subfield>
    <subfield code="1">0</subfield>
    <subfield code="2">ddc</subfield>
    <subfield code="4">0</subfield>
    <subfield code="7">0</subfield>
    <subfield code="8">BTECHIT</subfield>
    <subfield code="a">PIET</subfield>
    <subfield code="b">PIET</subfield>
    <subfield code="d">2007-08-13</subfield>
    <subfield code="e">J B C, New Delhi</subfield>
    <subfield code="g">195.00</subfield>
    <subfield code="k">696</subfield>
    <subfield code="l">0</subfield>
    <subfield code="o">005.1 MAF</subfield>
    <subfield code="p">5975</subfield>
    <subfield code="r">2019-12-04 00:00:00</subfield>
    <subfield code="w">2007-07-27</subfield>
    <subfield code="y">BK</subfield>
  </datafield>
  <datafield tag="952" ind1=" " ind2=" ">
    <subfield code="0">0</subfield>
    <subfield code="1">0</subfield>
    <subfield code="2">ddc</subfield>
    <subfield code="4">0</subfield>
    <subfield code="7">0</subfield>
    <subfield code="8">BTECHIT</subfield>
    <subfield code="a">PIET</subfield>
    <subfield code="b">PIET</subfield>
    <subfield code="d">2007-08-13</subfield>
    <subfield code="e">J B C, New Delhi</subfield>
    <subfield code="g">195.00</subfield>
    <subfield code="k">696</subfield>
    <subfield code="l">3</subfield>
    <subfield code="o">005.1 MAF</subfield>
    <subfield code="p">5976</subfield>
    <subfield code="r">2025-07-30 00:00:00</subfield>
    <subfield code="s">2025-03-26</subfield>
    <subfield code="w">2007-07-27</subfield>
    <subfield code="y">BK</subfield>
  </datafield>
  <datafield tag="952" ind1=" " ind2=" ">
    <subfield code="0">0</subfield>
    <subfield code="1">0</subfield>
    <subfield code="2">ddc</subfield>
    <subfield code="4">0</subfield>
    <subfield code="7">0</subfield>
    <subfield code="8">CSECS</subfield>
    <subfield code="a">PIET</subfield>
    <subfield code="b">PIET</subfield>
    <subfield code="d">2007-08-13</subfield>
    <subfield code="e">J B C, New Delhi</subfield>
    <subfield code="g">195.00</subfield>
    <subfield code="k">696</subfield>
    <subfield code="l">3</subfield>
    <subfield code="o">005.1 MAF</subfield>
    <subfield code="p">5977</subfield>
    <subfield code="r">2025-06-11 00:00:00</subfield>
    <subfield code="s">2025-05-28</subfield>
    <subfield code="w">2007-07-27</subfield>
    <subfield code="y">BK</subfield>
  </datafield>
  <datafield tag="952" ind1=" " ind2=" ">
    <subfield code="0">0</subfield>
    <subfield code="1">0</subfield>
    <subfield code="2">ddc</subfield>
    <subfield code="4">0</subfield>
    <subfield code="7">0</subfield>
    <subfield code="8">CSECS</subfield>
    <subfield code="a">PIET</subfield>
    <subfield code="b">PIET</subfield>
    <subfield code="d">2007-08-13</subfield>
    <subfield code="e">J B C, New Delhi</subfield>
    <subfield code="g">195.00</subfield>
    <subfield code="k">696</subfield>
    <subfield code="l">0</subfield>
    <subfield code="o">005.1 MAF</subfield>
    <subfield code="p">5978</subfield>
    <subfield code="r">2019-12-04 00:00:00</subfield>
    <subfield code="w">2007-07-27</subfield>
    <subfield code="y">BK</subfield>
  </datafield>
</record>
